00325cam a22001097a 4500008004000000082001300040100003200053245006600085260004100151300000900192650001400201180718b2010 xxu||||| |||| 00| 0 eng d aT1 R246m aReddy, Sirgapur Vidya Sagar aThe myths of economic theoriescby Sirgapur Vidya Sagar Reddy aHyderabadbNavodaya Book Housec2010 a75p. aEconomics